MiFID nemůže zabránit všemu

Kapitálový trh a účinnosť smernice MiFID. Zavedenie novej regulácie a zvýšenie kvality pre klienta. Finančné trhy a rizikové finančné nástroje. Manipulačné techniky obchodníkov. Základné pravidlá investovania.

Uložené v:
Podrobná bibliografia
Hlavný autor: Škriniar, Pavel, 1979-
Médium: Kapitola
Jazyk:Czech
Predmet:
Tagy: Pridať tag
Žiadne tagy, Buďte prvý, kto otaguje tento záznam!

MARC

LEADER 00000naa a2200000 4500
001 0125530
005 20240502083318.6
041 0 |a cze 
044 |a CZ 
245 1 0 |a MiFID nemůže zabránit všemu  |c Pavel Škriniar 
520 |a Kapitálový trh a účinnosť smernice MiFID. Zavedenie novej regulácie a zvýšenie kvality pre klienta. Finančné trhy a rizikové finančné nástroje. Manipulačné techniky obchodníkov. Základné pravidlá investovania. 
610 2 0 |a trh finančný 
610 2 0 |a stratégia investičná 
610 2 0 |a investovanie obozretné 
610 2 0 |a smernice 
610 2 0 |a nástroje finančné 
610 2 0 |a investori 
610 2 0 |a klienti 
610 2 0 |a akcie 
610 2 0 |a papiere cenné 
100 1 |a Škriniar, Pavel, 1979-